Animales salvajes / (Record no. 129423)
[ view plain ]
| 000 -CABECERA | |
|---|---|
| campo de control de longitud fija | 00786nam a2200241 u 4500 |
| 005 - FECHA Y HORA DE LA ÚLTIMA TRANSACCIÓN | |
| campo de control | 20241203063741.0 |
| 008 - ELEMENTOS DE LONGITUD FIJA--INFORMACIÓN GENERAL | |
| campo de control de longitud fija | 080623s2006 r 000 0 eng d |
| 020 ## - NÚMERO INTERNACIONAL NORMALIZADO PARA LIBROS | |
| Número Internacional Estándar del Libro | 1405465735 |
| 035 ## - NÚMERO DE CONTROL DEL SISTEMA | |
| Número de control de sistema | UPN01000157309 |
| 049 ## - COLECCIÓN | |
| Colección | I |
| 050 #4 - SIGNATURA TOPOGRÁFICA DE LA BIBLIOTECA DEL CONGRESO | |
| Número de clasificación | QL46 |
| Número de documento/Ítem | G3.3 |
| 100 1# - ASIENTO PRINCIPAL--NOMBRE PERSONAL | |
| Nombre de persona | Ganeri, Anita, |
| Fechas asociadas al nombre | 1961- |
| 9 (RLIN) | 33204 |
| 245 10 - MENCIÓN DE TÍTULO | |
| Título | Animales salvajes / |
| Mención de responsabilidad, etc. | Anita Ganeri, Clare Oliver, Denny Robson ; tr. María Pierce. |
| 260 ## - PUBLICACIÓN, DISTRIBUCIÓN, ETC. | |
| Lugar de publicación, distribución, etc. | China : |
| Nombre del editor, distribuidor, etc. | Parragon Books, |
| Fecha de publicación, distribución, etc. | c2006. |
| 300 ## - DESCRIPCIÓN FÍSICA | |
| Extensión | 256 p. : |
| Otras características físicas | il. col. |
| 440 #0 - MENCIÓN DE SERIE/ASIENTO SECUNDARIO--TÍTULO | |
| Título | Preguntas y respuestas |
| 650 #7 - ASIENTO SECUNDARIO DE MATERIA - TERMINO TEMATICO | |
| Término de materia o nombre geográfico como elemento de entrada | Animales |
| Subdivisión de forma | Literatura infantil |
| Fuente del encabezamiento o término | |
| 9 (RLIN) | 1061 |
| 650 #4 - ASIENTO SECUNDARIO DE MATERIA - TERMINO TEMATICO | |
| Término de materia o nombre geográfico como elemento de entrada | ZOOLOGIA - |
| Subdivisión de forma | LITERATURA INFANTIL |
| 9 (RLIN) | 11352 |
| 650 #4 - ASIENTO SECUNDARIO DE MATERIA - TERMINO TEMATICO | |
| Término de materia o nombre geográfico como elemento de entrada | Dinosaurios |
| Subdivisión de forma | Literatura infantil |
| 9 (RLIN) | 9370 |
| 700 1# - ASIENTO SECUNDARIO--NOMBRE DE PERSONAL | |
| Nombre de persona | Oliver, Clare |
| Término indicativo de función/relación | coaut. |
| 9 (RLIN) | 38821 |
| 700 1# - ASIENTO SECUNDARIO--NOMBRE DE PERSONAL | |
| Nombre de persona | Robson, Denny, |
| Término indicativo de función/relación | coaut. |
| 905 ## - TIPO DE MATERIAL | |
| Tipo de material | Infantil |
| Estado de retiro | Estado de pérdida | Fuente del sistema de clasificación o colocación | Estado dañado | No para préstamo | Código de colección | Localización permanente | Ubicación/localización actual | Ubicación en estantería | Fecha de adquisición | Total de préstamos | Clasificación | Código de barras | Fecha visto por última vez | Fecha del último préstamo | Número de copia | Tipo de ítem Koha |
|---|---|---|---|---|---|---|---|---|---|---|---|---|---|---|---|---|
| Library of Congress Classification | En restauración | Infantil | Bib. Gregorio Torres Quintero | Bib. Gregorio Torres Quintero | Sala infantil Planta baja | 23/08/2022 | 24 | QL46 G3.3 | 259326 | 05/09/2022 | 23/08/2022 | 1 | Libro |
